<?xml version="1.0" encoding="UTF-8"?>
<collection xmlns="http://www.loc.gov/MARC21/slim">
    <record>
        <controlfield tag="001">1902</controlfield>
        <controlfield tag="005">20190219123708.0</controlfield>
        <controlfield tag="008">   "    s2008    vau|    sm    00| 0|eng d"
  </controlfield>
        <datafield tag="020" ind1=" " ind2=" ">
            <subfield code="a">978-84-691-8057-0</subfield>
        </datafield>
        <datafield tag="035" ind1=" " ind2=" ">
            <subfield code="a">(UniZar) TDR-1031108-144900</subfield>
        </datafield>
        <datafield tag="041" ind1=" " ind2=" ">
            <subfield code="a">spa</subfield>
        </datafield>
        <datafield tag="100" ind1="1" ind2=" ">
            <subfield code="a">Molino Gahete, Francisco</subfield>
        </datafield>
        <datafield tag="245" ind1="0" ind2="0">
            <subfield code="a">Estudio de la contaminación de la miel por residuos procedentes de tratamientos sanitarios en apicultura</subfield>
        </datafield>
        <datafield tag="256" ind1=" " ind2=" ">
            <subfield code="a">Computer data - 0 files(s)</subfield>
        </datafield>
        <datafield tag="260" ind1=" " ind2=" ">
            <subfield code="a">Zaragoza</subfield>
            <subfield code="b">Universidad de Zaragoza, Universidad de Zaragoza</subfield>
            <subfield code="c">2008</subfield>
        </datafield>
        <datafield tag="502" ind1=" " ind2=" ">
            <subfield code="a">Universidad de Zaragoza, 2008-10-17</subfield>
        </datafield>
        <datafield tag="504" ind1=" " ind2=" ">
            <subfield code="a">Includes bibliographical references.</subfield>
        </datafield>
        <datafield tag="506" ind1=" " ind2=" ">
            <subfield code="a">by-nc-nd</subfield>
            <subfield code="b">Creative Commons</subfield>
            <subfield code="c">3.0</subfield>
            <subfield code="u">https://creativecommons.org/licenses/by-nc-nd/3.0/</subfield>
        </datafield>
        <datafield tag="520" ind1="3" ind2=" ">
            <subfield code="a">Resumen: En esta tesis se han desarrollado dos métodos de análisis multirresidual para la detección y cuantificación de residuos de antibióticos y acaricidas de síntesis en miel, mediante extracción en fase solida y determinación con cromatografía líquida de alta resolución con barrido de espectros. Dichos métodos han sido sometidos a procesos de validación siguiendo criterios reconocidos internacionalmente. Se han realizado estudios de campo en colmenas evaluando la degradación de flumetrina en la miel tras el tratamiento veterinario con Bayvarol® (principio activo: flumetrina). Se han realizado estudios de degradación de tetraciclinas en miel bajo diferentes condiciones de ensayo (tratamiento pasteurización y condiciones de almacenamiento). Se ha analizado la presencia de residuos de acaricidas en mieles de la Comunidad Autónoma de Aragón. Por último, se ha valorado el riesgo sanitario derivado de la presencia de estos compuestos en las muestras de miel analizadas. Abstract: In this Doctoral Thesis, two multirresidual analytical methods for detection and quantification of antibiotic and synthetic acaricide residues in honey, by Solid Phase Extraction and High Performance Liquid Chromatographic separation using a Diode Array Detector determination have been developed. These multiresidue methods were validated according to international requirements. After a sanitary treatment with Bayvarol® (flumethrin), field studies were carried out in an experimental apiary evaluating flumethrin degradation in honey. The effect of pasteurization and storage conditions on tetracyclines residues in honey was also studied. A survey for the presence of residues in honey samples collected from Aragón (North-East of Spain) was conducted. Finally, applying these residue levels, the sanitary risk for human health associated to honey daily dietary intake was evaluated. </subfield>
        </datafield>
        <datafield tag="538" ind1=" " ind2=" ">
            <subfield code="a">System requirements: PC, World Wide Web Browser and PDF reader</subfield>
        </datafield>
        <datafield tag="538" ind1=" " ind2=" ">
            <subfield code="a">Available electronically via Internet</subfield>
        </datafield>
        <datafield tag="653" ind1=" " ind2=" ">
            <subfield code="a">HPLC</subfield>
        </datafield>
        <datafield tag="653" ind1=" " ind2=" ">
            <subfield code="a">SPE</subfield>
        </datafield>
        <datafield tag="653" ind1=" " ind2=" ">
            <subfield code="a">Acaricide</subfield>
        </datafield>
        <datafield tag="653" ind1=" " ind2=" ">
            <subfield code="a">Antibiotic</subfield>
        </datafield>
        <datafield tag="653" ind1=" " ind2=" ">
            <subfield code="a">Aragón</subfield>
        </datafield>
        <datafield tag="653" ind1=" " ind2=" ">
            <subfield code="a">Apicultura</subfield>
        </datafield>
        <datafield tag="653" ind1=" " ind2=" ">
            <subfield code="a">Riesgo sanitario</subfield>
        </datafield>
        <datafield tag="653" ind1=" " ind2=" ">
            <subfield code="a">Degradación</subfield>
        </datafield>
        <datafield tag="653" ind1=" " ind2=" ">
            <subfield code="a">Miel</subfield>
        </datafield>
        <datafield tag="653" ind1=" " ind2=" ">
            <subfield code="a">Validación</subfield>
        </datafield>
        <datafield tag="653" ind1=" " ind2=" ">
            <subfield code="a">HPLC</subfield>
        </datafield>
        <datafield tag="653" ind1=" " ind2=" ">
            <subfield code="a">SPE</subfield>
        </datafield>
        <datafield tag="653" ind1=" " ind2=" ">
            <subfield code="a">Antibiótico</subfield>
        </datafield>
        <datafield tag="653" ind1=" " ind2=" ">
            <subfield code="a">Acaricida</subfield>
        </datafield>
        <datafield tag="653" ind1=" " ind2=" ">
            <subfield code="a">Validation</subfield>
        </datafield>
        <datafield tag="653" ind1=" " ind2=" ">
            <subfield code="a">Honey</subfield>
        </datafield>
        <datafield tag="653" ind1=" " ind2=" ">
            <subfield code="a">Degradation</subfield>
        </datafield>
        <datafield tag="653" ind1=" " ind2=" ">
            <subfield code="a">Sanitary risk</subfield>
        </datafield>
        <datafield tag="653" ind1=" " ind2=" ">
            <subfield code="a">Apiculture</subfield>
        </datafield>
        <datafield tag="700" ind1=" " ind2=" ">
            <subfield code="a">Lázaro Gistau, Regina</subfield>
            <subfield code="e">Director/a de la tesis</subfield>
        </datafield>
        <datafield tag="700" ind1=" " ind2=" ">
            <subfield code="a">Pérez Arquillué, María Consolación</subfield>
            <subfield code="e">Codirector/a de la tesis</subfield>
        </datafield>
        <datafield tag="710" ind1="2" ind2=" ">
            <subfield code="a">Universidad de Zaragoza</subfield>
            <subfield code="b">Producción Animal y Ciencia de los Alimentos</subfield>
        </datafield>
        <datafield tag="856" ind1="4" ind2=" ">
            <subfield code="s">15070914</subfield>
            <subfield code="u">http://zaguan.unizar.es/record/1902/files/TUZ_0032_molino_apic.pdf</subfield>
            <subfield code="z">Texto completo (spa)</subfield>
        </datafield>
        <datafield tag="909" ind1="C" ind2="O">
            <subfield code="o">oai:zaguan.unizar.es:1902</subfield>
        </datafield>
        <datafield tag="909" ind1="c" ind2="o">
            <subfield code="p">tesis</subfield>
        </datafield>
        <datafield tag="909" ind1="C" ind2="O">
            <subfield code="p">driver</subfield>
        </datafield>
        <datafield tag="980" ind1=" " ind2=" ">
            <subfield code="a">TESIS</subfield>
        </datafield>
    </record>

    
</collection>